000 00483nam a22001937a 4500
003 MPLRDC
005 20220104153100.0
008 210129b ||||| |||| 00| 0 eng d
020 _a957-700-663-9
082 _a293.26 WW
100 _a王玮编
245 _aAB血型人必备的第一本书
_c
250 _a初版
260 _a
_b汉湘文化事业有限公司
_c1998
300 _b
490 _a生活事典. 04
650 _a相书--血型
942 _cBK
_o293.26 WW
999 _c53244
_d53234